[Event "Bay Area Open 2019"]
[Site "Burlingame"]
[Date "2019.01.05"]
[Round "6"]
[White "Bruzon Batista, Lazaro"]
[Black "Dragun, Kamil"]
[Result "1/2-1/2"]
[WhiteElo "2664"]
[BlackElo "2578"]
[Annotator "TA"]
[PlyCount "103"]
[EventDate "2019.01.01"]
[EventType "swiss"]
[EventCountry "USA"]
[SourceTitle "playchess.com"]
[Source "ChessBase"]
[SourceQuality "1"]

{[%evp 21,103,13,13,0,18,14,4,15,15,9,10,12,12,8,16,14,23,4,48,50,35,34,41,17,41,33,45,33,95,97,135,130,133,102,118,82,166,153,158,158,156,156,181,179,185,183,147,69,100,114,105,116,233,24,32,24,24,22,22,22,22,0,13,0,22,22,22,22,22,22,22,0,0,0,0,0,22,22,22,22,22,22,22,0]} 1. e4 e5 2. Nf3 Nf6 3. Nxe5 d6 4. Nf3 Nxe4 5. Qe2 Qe7 6. d3 Nf6 7. Bg5 Qxe2+ 8. Bxe2 Be7 9. Nc3 c6 10. h3 Na6 {[%cal Bb8a6,Ba6c7,Bc7e6][%mdl 32]} 11. O-O-O Nc7 {LiveBook: 20 Games. C42: Petroff Defence: 3 Nxe5 and unusual White 3rd moves} 12. Rde1 (12. Rhe1) 12... Bd7 13. Bd1 Ne6 14. Bd2 O-O-O {[#]} 15. Ng5 $146 ({Predecessor:} 15. g4 Rde8 16. g5 Ng8 17. h4 h6 18. Ne4 hxg5 19. hxg5 Rxh1 20. Rxh1 {1-0 (49) Gabrielian,A (2503)-Lintchevski,D (2519) Kazan 2018}) 15... Rhf8 16. f4 Rde8 17. Nf3 Nc7 18. Ne2 Bd8 19. g4 c5 20. Ng3 Rxe1 21. Rxe1 g6 22. c3 Bc6 23. f5 Nd7 24. Ne4 Bxe4 (24... Ne8 $14) 25. dxe4 $16 Bf6 26. Bb3 $36 {[%mdl 2048] White is in control.} Bg7 27. Bf4 Ne8 28. g5 Ne5 (28... Be5 $16 29. Be3 (29. Nxe5 dxe5 30. Bg3 Nd6 $14) 29... Ng7) 29. Bxe5 Bxe5 30. Nxe5 dxe5 $18 {[%mdl 4096] Endgame KRB-KRN} 31. Rd1 $1 b5 32. Rd5 $1 c4 {[#]} 33. Bc2 $1 Nc7 34. Rd6 (34. Rxe5 $16 Kd7 35. f6) 34... Rd8 {[#]} 35. Rf6 $1 {[%cal Rf6f7]} Rd7 36. a4 a6 (36... Ne8 $16) 37. h4 $2 (37. Rb6 $18) 37... Kb7 $11 {And now ...Ne8 would win.} 38. a5 Ne8 $1 {[%cal Re8f6]} 39. Rb6+ Ka7 {The position is equal.} 40. Rc6 Rc7 $1 {[%cal Rc7c6]} 41. Rb6 Rb7 42. Rc6 {With the idea Rc8.} Rc7 $1 {[%cal Rc7c6]} 43. Rxc7+ Nxc7 {KB-KN} 44. h5 Ne8 45. h6 Nd6 46. Kd2 Kb7 47. Ke3 Kc6 48. b4 Kd7 49. Bd1 Kd8 50. Bg4 Ke7 51. Bh3 Kf8 52. Bg4 {Accuracy: White = 57%, Black = 48%.} 1/2-1/2

[Event "Bay Area Open 2019"]
[Site "Burlingame"]
[Date "2019.01.05"]
[Round "6"]
[White "Swiercz, Dariusz"]
[Black "Yoo, Christopher Woojin"]
[Result "1-0"]
[WhiteElo "2649"]
[BlackElo "2388"]
[Annotator "TA"]
[PlyCount "81"]
[EventDate "2019.01.01"]
[EventType "swiss"]
[EventCountry "USA"]
[SourceTitle "playchess.com"]
[Source "ChessBase"]
[SourceQuality "1"]

{[%evp 18,81,42,35,44,20,72,66,72,77,83,71,68,54,112,135,191,177,152,133,150,150,197,170,268,246,210,204,304,279,297,274,267,263,410,423,529,525,605,631,488,477,447,458,465,464,568,556,910,914,913,899,841,843,783,729,1085,1091,1124,1111,1043,968,966,959,957,942]} 1. e4 e5 2. Bc4 Nf6 3. d3 c6 4. Nf3 d5 5. Bb3 Bb4+ 6. Bd2 Bxd2+ 7. Nbxd2 Nbd7 {C24: Bishop's Opening: 2...Nf6} (7... a5 8. a3 Nbd7 9. O-O a4 10. Ba2 O-O 11. Re1 Re8 12. d4 exd4 13. exd5 Rxe1+ 14. Qxe1 cxd5 15. Rb1 {0-1 (64) Aronian,L (2764)-Caruana,F (2816) Paris 2018}) 8. O-O O-O 9. Re1 d4 10. c3 {LiveBook: 3 Games} c5 $1 11. Nf1 $146 ({Predecessor:} 11. Nc4 Qe7 12. cxd4 cxd4 13. Rc1 b6 14. Ba4 Bb7 15. b4 {½-½ (35) Bancod,R (2285)-Puranik,A (2476) Subic Bay 2016}) 11... Rb8 (11... Re8 $11 {remains equal.}) 12. Ng3 $16 b5 13. cxd4 cxd4 14. Rc1 g6 15. Qd2 Ne8 ({Better is} 15... a5 $14) 16. h4 {[%cal Bh2h4,Bh4h5,Bh5h6][%mdl 32]} Bb7 (16... a5 $16) 17. h5 $18 Kg7 18. Kh2 Nd6 19. Rh1 Rh8 20. h6+ Kg8 (20... Kf8 $142 21. Rc2 Qb6) 21. Qb4 Qb6 22. Ng5 {[#] Black must now prevent Nxf7!} Rf8 (22... Re8 $142 23. Bd5 Nf6) 23. Rhf1 a5 24. Qd2 a4 25. Bd5 Nf6 (25... Bxd5 $142 26. exd5 Qd8) 26. f4 Bxd5 {White is clearly winning.} 27. exd5 Nxd5 28. fxe5 Nf5 29. N5e4 Nfe3 30. Kg1 Nxf1 31. Rxf1 Qd8 32. Qf2 f5 33. exf6 {f7+ would kill now.} Rf7 34. Qxd4 Qb6 35. Qxb6 Nxb6 36. Ng5 Kf8 37. N3e4 Rd7 38. Ne6+ Ke8 {[#]} 39. f7+ $1 {[%mdl 576] Deflection, Decoy} Rxf7 40. Nd6+ {[%mdl 64] Double Attack} Ke7 41. Nxf7 {Accuracy: White = 93%, Black = 43%.} 1-0

[Event "Bay Area Open 2019"]
[Site "Burlingame"]
[Date "2019.01.05"]
[Round "6"]
[White "Quesada Perez, Yuniesky"]
[Black "Balakrishnan, Praveen"]
[Result "1/2-1/2"]
[WhiteElo "2642"]
[BlackElo "2418"]
[Annotator "TA"]
[PlyCount "119"]
[EventDate "2019.01.01"]
[EventType "swiss"]
[EventCountry "USA"]
[SourceTitle "playchess.com"]
[Source "ChessBase"]
[SourceQuality "1"]

{[%evp 12,119,12,14,19,-2,28,22,21,27,26,27,30,24,24,17,32,27,22,18,29,25,35,36,47,36,40,26,33,31,41,49,29,31,53,50,43,27,20,31,79,83,70,57,86,90,80,13,18,0,0,-29,-31,-33,-19,-42,-32,-25,-30,-29,-16,-31,-8,-22,-6,-8,-4,-6,-6,-6,-7,-4,-3,-6,-4,-14,0,-4,0,0,0,0,0,0,0,-3,0,0,1,0,0,0,0,0,0,0,0,-4,-4,-4,-4,-4,-4,-4,0,0,0,0,0,0]} 1. e4 e5 2. Bc4 Nf6 3. d3 c6 4. Nf3 Be7 5. O-O d6 6. Nbd2 O-O 7. Re1 {LiveBook: 66 Games. C24: Bishop's Opening: 2...Nf6} a5 {...b5 is the strong threat.} (7... Nbd7 8. a3 Nc5 9. Ba2 Be6 10. Nc4 b5 11. Ne3 Bxa2 12. Rxa2 g6 13. Bd2 Re8 14. b4 Na4 {½-½ (48) Grischuk,A (2792)-Aronian,L (2815) Flor & Fjaere 2014}) 8. c3 Na6 (8... b5 $5 9. Bb3 $8 a4 $11) 9. Bb3 {White has an edge.} Nc5 $146 ({Predecessor:} 9... Bg4 10. h3 Bh5 11. Nf1 Nc5 12. Bc2 Qc7 13. Ng3 Bg6 14. Nh4 Rfe8 15. Nhf5 {½-½ (30) Ahvenjarvi,J (2237)-Satonen,A (2122) Finland 2013}) 10. Bc2 Qc7 11. Nf1 Re8 12. Ng3 g6 13. d4 Ne6 14. h3 Bf8 15. Be3 b6 16. a3 Bb7 17. Qd2 Bg7 18. Rad1 Rad8 19. Qc1 exd4 20. cxd4 d5 21. e5 Nd7 22. Bh6 c5 23. Bxg7 Kxg7 24. Bb1 cxd4 25. Qd2 Ndc5 26. Nxd4 Nxd4 27. Qxd4 Ne6 {[#]} 28. Qg4 $1 ({Much weaker is} 28. Qh4 $6 Qe7 $11) 28... Kh8 {[#]} 29. h4 (29. f4 $1 $16) 29... Qc4 $11 30. Qxc4 dxc4 31. Rd6 Rxd6 32. exd6 Rd8 33. Be4 Nc5 34. Bxb7 Nxb7 $15 {[%mdl 4096] Endgame KRN-KRN} 35. Ne4 $1 Kg7 36. Kf1 h6 37. g4 {The position is equal.} f5 38. gxf5 gxf5 39. Ng3 {Strongly threatening Re7+.} Nxd6 40. Re6 Kf7 41. Rxh6 b5 42. Rh7+ Kf6 43. Ra7 Rh8 44. a4 f4 45. Ne2 $1 Rxh4 46. Kg2 bxa4 47. Rxa5 Rh7 48. Rd5 Nf5 49. Kf3 Ne7 50. Ra5 Ng6 51. Nc3 Rb7 52. Nxa4 Rb4 53. Nc3 Rxb2 {aiming for ...Rb3.} 54. Nd5+ Ke6 55. Nxf4+ Nxf4 56. Kxf4 Rxf2+ 57. Ke3 Rf5 58. Rxf5 Kxf5 59. Kd4 Kg6 60. Kxc4 {Accuracy: White = 61%, Black = 69%.} 1/2-1/2

[Event "Bay Area Open 2019"]
[Site "Burlingame"]
[Date "2019.01.05"]
[Round "6"]
[White "Cordova, Emilio"]
[Black "Xiong, Jeffery"]
[Result "1-0"]
[WhiteElo "2597"]
[BlackElo "2672"]
[Annotator "TA"]
[PlyCount "99"]
[EventDate "2019.01.01"]
[EventType "swiss"]
[EventCountry "USA"]
[SourceTitle "playchess.com"]
[Source "ChessBase"]
[SourceQuality "1"]

{[%evp 9,99,14,23,6,21,-34,-26,-47,-48,-63,-52,-54,-51,-59,-64,-62,-48,-53,-16,-13,-23,-19,-5,-70,-64,-95,-15,-7,-27,-20,-11,0,-9,-31,-29,-22,-33,-24,-21,-21,-18,-5,-8,-23,-20,-42,0,0,29,14,202,190,281,274,237,7,22,15,20,12,25,-11,-15,-18,-16,-74,715,715,701,690,768,383,342,0,606,575,570,541,575,575,575,575,29974,29975,29975,29976,29976,29977,29976,29977,29958,29956]} 1. Nf3 d5 2. c4 d4 3. b4 g5 4. h3 h6 5. Bb2 Bg7 $1 6. e3 $146 {[%cal Rf3d4] A09: Réti Opening: 1 Nf3 d5 2 c4} ({Predecessor:} 6. e4 e5 7. c5 Ne7 8. Na3 Ng6 9. h4 gxh4 10. Qa4+ Bd7 {½-½ (29) Bartel,M (2649)-Sengupta,D (2551) Warsaw 2016}) 6... e5 $1 7. c5 ({White should try} 7. Qa4+ $11 Bd7 8. Qa3) 7... Ne7 $15 8. Bc4 {Black has an edge.} O-O 9. e4 Nbc6 10. a3 b6 11. cxb6 cxb6 12. d3 Bd7 13. Nbd2 b5 14. Bxb5 Nxb4 $1 15. Bc4 Nbc6 16. h4 ({White should play} 16. a4 $11) 16... g4 $1 17. Nh2 Rb8 (17... Na5 $17 18. Nxg4 Qb6) 18. Bc1 $1 $11 h5 19. f3 $1 {[%cal Rf3g4]} Ng6 (19... g3 $5 20. Nhf1 $8 Ng6 $11) 20. g3 {[%cal Rf3g4] [#]} Nxh4 $1 {[%mdl 512]} 21. O-O {[%cal Rf3g4]} (21. gxh4 g3) 21... Ng6 $1 {White must now prevent ...h4.} 22. fxg4 h4 $1 {[%cal Rh4g3]} 23. gxh4 Qxh4 24. Ndf3 Qe7 25. Bg5 $132 {[%mdl 2048] White has counterplay} Qd6 26. Nh4 Nxh4 27. Bxh4 Na5 28. Bd5 Bc6 29. Bxc6 Qxc6 $2 (29... Nxc6 $11 30. g5 Ne7) 30. g5 $1 $18 Rb2 (30... Qg6 {keeps fighting.}) 31. Ng4 Qe6 {And now ...Nb3 would win.} 32. Qf3 $2 (32. Rf5 $1 $18 {Threatens to win with Nf6+.} Rfb8 33. Nh6+ $1 {[%mdl 512]} Bxh6 34. gxh6) 32... Rc8 33. Rab1 Rxb1 34. Rxb1 Nb3 {Strongly threatening ...Nd2.} 35. Nf6+ Bxf6 36. gxf6 {aiming for Be1.} Kf8 37. Qd1 (37. Qh5 $11 Ke8 38. Bg3) 37... Qh3 $2 {[%mdl 8192]} (37... Nc5 $17 38. Rc1 Ke8) 38. Qh5 {[%cal Rh5h8]} Ke8 39. Qxe5+ Kd7 40. Qd5+ (40. Rxb3 {is a self mate.} Rc1+ 41. Be1 Rxe1+ 42. Kf2 Rf1+ 43. Ke2 Qg2#) (40. Bg3 $142 {Threatening mate with Qd6+.} Qe6 {[#]} 41. Rxb3 $1 {[%mdl 512]} Qxe5 42. Bxe5) 40... Ke8 {...Qg4+ is the strong threat.} 41. Qe5+ $2 (41. Qxb3 Qg4+ 42. Kf1 Qh3+ 43. Ke2 Qg4+ 44. Kf1 Qh3+ 45. Ke2 Qg4+ 46. Kf1 $11) (41. Qd6 $18 {[%csl Gf6,Gh4][%cal Rd6e7]} Qe3+ 42. Bf2 Qg5+ 43. Kf1 Nd2+ 44. Ke1 (44. Ke2 Qh5+ 45. Kxd2 Qh6+ 46. Ke2 Qh5+ 47. Kf1 Qh1+ 48. Bg1 Qh3+ 49. Ke1 Qh4+ 50. Bf2 Qh1+ 51. Kd2 Qh6+ 52. Ke2 Qh5+ 53. Kf1 Qh1+ 54. Bg1 Qh3+ 55. Ke1 Qh4+ 56. Kf1 Qh3+ $11) 44... Nf3+ 45. Ke2) 41... Kf8 $2 {[%mdl 8192]} (41... Kd7 $11) 42. Qg5 {Hoping for Qg7+.} Qe6 43. Bg3 Rc3 {If only Black now had time for ...a6....} 44. Be1 Rc6 45. Ba5 {Qg7+ would kill now.} Rc3 46. Bb4+ {White mates.} Ke8 47. Bxc3 dxc3 48. Qb5+ {[%mdl 64] Double Attack} Kd8 49. Qb8+ {[%mdl 64] Double Attack} Kd7 50. Rxb3 {Accuracy: White = 61%, Black = 52%.} ({Weaker is} 50. Qxa7+ Kc8 $11) 1-0

[Event "Bay Area Open 2019"]
[Site "Burlingame"]
[Date "2019.01.05"]
[Round "6"]
[White "Bai, Jinshi"]
[Black "Naroditsky, Daniel"]
[Result "1/2-1/2"]
[WhiteElo "2572"]
[BlackElo "2616"]
[Annotator "TA"]
[PlyCount "37"]
[EventDate "2019.01.01"]
[EventType "swiss"]
[EventCountry "USA"]
[SourceTitle "playchess.com"]
[Source "ChessBase"]
[SourceQuality "1"]

{[%evp 30,37,27,26,33,26,35,32,31,31]} 1. d4 Nf6 2. c4 g6 3. Nc3 Bg7 4. e4 d6 5. Nf3 O-O 6. Be2 e5 7. dxe5 dxe5 8. O-O Nc6 9. Bg5 Qxd1 10. Rfxd1 Bg4 11. h3 Bxf3 {E97: King's Indian: Classical Main Line (6...e5 7 0-0 Nc6): 8 Be3 and 8 d5 Ne7, not 9 Ne1} 12. Bxf3 Nd4 13. Nd5 Nxd5 14. cxd5 c6 15. dxc6 (15. Rac1 cxd5 16. exd5 e4 17. Be3 exf3 18. Bxd4 Bxd4 19. Rxd4 {1-0 (77) Ragger,M (2695)-Saric,I (2678) Germany 2016 CBM 172 [Besenthal,K]}) 15... bxc6 16. Rac1 {LiveBook: 6 Games} a5 17. Rd2 Rfb8 18. Bd1 $146 ({Predecessor:} 18. Be3 Ra6 19. Rc5 {1-0 (37) Horvath,D (2329)-Guthrie,D (2181) Caleta 2018}) 18... Bf8 19. Be3 1/2-1/2

[Event "Bay Area Open 2019"]
[Site "Burlingame"]
[Date "2019.01.05"]
[Round "6"]
[White "Ramirez, Alejandro"]
[Black "Jacobson, Brandon"]
[Result "1-0"]
[WhiteElo "2567"]
[BlackElo "2404"]
[Annotator "TA"]
[PlyCount "77"]
[EventDate "2019.01.01"]
[EventType "swiss"]
[EventCountry "USA"]
[SourceTitle "playchess.com"]
[Source "ChessBase"]
[SourceQuality "1"]

{[%evp 22,77,17,14,0,5,0,-55,-29,-64,-29,-55,0,0,0,0,44,8,88,83,90,72,87,88,88,40,45,10,65,19,33,17,128,19,60,0,287,275,275,283,542,539,536,536,533,531,527,496,493,487,451,420,535,529,949,903,807,797]} 1. e4 c5 2. Nf3 Nc6 3. d4 cxd4 4. Nxd4 Nf6 5. Nc3 d6 6. Bg5 e6 7. Qd2 a6 8. O-O-O Bd7 9. Nb3 b5 10. Bxf6 gxf6 11. f4 Qb6 12. Kb1 b4 {B67: Sicilian: Richter-Rauzer: 7...a6 8 0-0-0 Bd7, lines without 9 f4 Be7} 13. Ne2 (13. Na4 Qc7 14. Qf2 Rb8 15. f5 Ne5 16. fxe6 Bxa4 17. Qxf6 Rg8 18. Bxa6 Rxg2 19. exf7+ Qxf7 20. Qh4 {0-1 (37) Matta,V (2317)-Gupta,A (2570) Mumbai 2009}) 13... a5 {[%cal Ba6a5,Ba5a4][%mdl 32]} 14. Ned4 $146 ({White should play} 14. f5 $11) ({Predecessor:} 14. Nbd4 h5 15. g3 a4 16. Bg2 Rc8 17. Nxc6 Qxc6 18. Nd4 Qc5 19. Rhe1 Bg7 20. Re2 {0-1 (45) Pavel,S (2013)-Baltag,I (2396) Arad 2012}) 14... a4 $15 {Black is slightly better.} 15. Nc1 Na5 16. Be2 Qc5 (16... Bg7 $15) 17. Rhf1 $11 Rc8 18. Rf3 h5 19. c3 b3 (19... Rb8 $1 $11) 20. axb3 $16 axb3 21. Ndxb3 Nxb3 22. Nxb3 Qb6 23. Nc1 Bc6 24. Re3 (24. Qe3 $5 {[%cal Re3b6]} Qb7 25. Bd3 $11) 24... Be7 (24... Bh6 $11 25. Rf1 h4) 25. Bf3 Ra8 26. c4 Ra4 {[#]} (26... h4 $11) 27. Qc3 (27. e5 $1 $16 {Rb3 is the strong threat.} Bxf3 28. Rxf3) 27... O-O 28. e5 (28. Bxh5 $14 Rfa8 29. Kc2) 28... Rfa8 $2 {[%mdl 8192]} (28... dxe5 $1 $11 29. fxe5 f5) 29. exd6 $18 Ra1+ 30. Kc2 Bxd6 $2 (30... Bxf3 31. Rxf3 Bxd6 32. Qxf6 Qb4) 31. Rxd6 Ba4+ 32. b3 {[%mdl 64] Discovered Attack} Qxd6 33. Bxa8 Bxb3+ 34. Qxb3 Rxa8 35. Rg3+ Kf8 36. Nd3 Rb8 37. Qa4 {White is clearly winning.} e5 38. fxe5 fxe5 {[#]} 39. Nxe5 $1 {Accuracy: White = 43%, Black = 29%.} 1-0

[Event "Bay Area Open 2019"]
[Site "Burlingame"]
[Date "2019.01.05"]
[Round "6"]
[White "Ali Marandi, Cemil Can"]
[Black "Escalante Ramirez, Brian Sebasti"]
[Result "1/2-1/2"]
[WhiteElo "2530"]
[BlackElo "2446"]
[Annotator "TA"]
[PlyCount "81"]
[EventDate "2019.01.01"]
[EventType "swiss"]
[EventCountry "USA"]
[SourceTitle "playchess.com"]
[Source "ChessBase"]
[SourceQuality "1"]

{[%evp 9,81,0,0,-4,6,0,6,0,10,18,0,24,37,-25,-11,-23,-10,-10,-10,-10,-10,-12,0,0,0,-10,0,-9,0,0,6,16,35,35,41,35,41,42,43,43,42,42,42,19,19,19,36,19,19,19,19,19,19,19,19,19,19,19,19,0,0,0,0,0,0,0,0,0,0,0,0,1,27,0]} 1. d4 Nf6 2. Bf4 g6 3. Nc3 d5 4. e3 Bg7 5. h4 h5 {LiveBook: 53 Games} 6. Qd2 {A45: Trompowsky Attack} c6 7. Nf3 O-O $146 ({Predecessor:} 7... Nbd7 8. Ne5 Nxe5 9. Bxe5 O-O 10. O-O-O Bh6 11. f3 {1-0 (42) Kryvoruchko,Y (2703)-Iniyan,P (2466) Sharjah 2018}) 8. Ne5 {The position is equal.} Nfd7 9. O-O-O Nxe5 10. Bxe5 f6 11. Bxb8 ({White should try} 11. Bh2 $14) 11... Rxb8 $11 12. Bd3 f5 13. Ne2 e5 14. dxe5 Bxe5 15. Nf4 Qf6 16. c4 Bxf4 17. exf4 Be6 18. Qc2 dxc4 19. Bxc4 {[#] Hoping for Rd6.} Bxc4 (19... Rbd8 {with more complications.} 20. Rhe1 Bxc4 21. Qxc4+ Kg7 22. Qc5 Rf7) 20. Qxc4+ Qf7 21. Qxf7+ Rxf7 $14 {[%mdl 4096] Endgame KRR-KRR} 22. Rhe1 Kg7 23. Kc2 Rbf8 24. Kc3 Rc7 25. a4 {[%cal Ba2a4,Ba4a5][%mdl 32]} Rff7 26. a5 Rfd7 27. Rxd7+ Rxd7 $11 {KR-KR} 28. Re8 Kf7 29. Ra8 a6 30. Rb8 Kg7 31. b4 Kf7 32. g3 Kg7 33. Kc4 Kf7 34. f3 Kg7 35. Re8 Kf7 $1 {[%cal Rf7e8]} 36. Re5 {[#] And now Kc5 would win.} Rd1 37. Kc5 Rb1 $1 38. Re3 Rc1+ 39. Kb6 Rb1 $1 40. Kxb7 c5 $1 41. Kb6 {Precision: White = 68%, Black = 67%.} 1/2-1/2

[Event "Bay Area Open 2019"]
[Site "Burlingame"]
[Date "2019.01.05"]
[Round "6"]
[White "Macieja, Bartlomiej"]
[Black "Negi, Parimarjan"]
[Result "1-0"]
[WhiteElo "2509"]
[BlackElo "2656"]
[Annotator "TA"]
[PlyCount "93"]
[EventDate "2019.01.01"]
[EventType "swiss"]
[EventCountry "USA"]
[SourceTitle "playchess.com"]
[Source "ChessBase"]
[SourceQuality "1"]

{[%evp 13,93,29,30,29,43,36,43,36,39,35,43,31,47,10,3,4,22,0,0,0,12,0,0,0,0,0,56,52,99,105,191,186,198,8,15,8,16,0,0,0,0,0,0,0,33,45,42,58,353,-121,23,35,191,183,308,315,309,308,299,289,1093,586,536,385,550,425,491,362,519,530,5414,5414,5414,5414,5102,1209,5406,5189,5189,4132,4678,1764]} 1. c4 g6 2. e4 e5 (2... Bg7 3. d4 d6 4. Nc3 Nf6 5. Nf3 O-O 6. h3 e5 7. d5 a5 8. g4 Na6 9. Be3 Nc5 10. Nd2 c6 11. Be2 a4 12. h4 Qa5 13. f3 a3 14. Qc2 axb2 15. Qxb2 h5 16. g5 Nfd7 17. O-O f6 18. Kg2 Qd8 19. Nb3 fxg5 20. hxg5 {½-½ (67) Nepomniachtchi,I (2757)-Grischuk,A (2766) chess.com INT 2018}) 3. Nf3 Nc6 4. d4 exd4 5. Nxd4 Bg7 6. Be3 {A10: English Opening: Unusual Replies for Black} Nge7 7. Nc3 O-O {LiveBook: 12 Games} 8. h4 {White has an edge.} f5 9. h5 $146 {Threatens to win with hxg6.} ({Predecessor:} 9. exf5 Bxd4 10. Bxd4 Nxf5 11. Be3 Nxe3 12. fxe3 {0-1 (46) Strikovic,A (2523)-Alvarez Pedraza,A (2460) Pamplona 2009}) 9... f4 10. Nxc6 Nxc6 11. hxg6 hxg6 12. Bd2 $1 d6 13. Qa4 Be6 14. O-O-O {[%cal Ba1d1,Bd1d2,Bd2c2,Bc2c4][%mdl 32]} a6 {Threatening ...b5!} 15. Nd5 $36 {[%mdl 2048] Black is under pressure.} b5 16. Qa3 Rb8 17. Nxf4 Rxf4 18. Bxf4 bxc4 19. Rd2 g5 (19... Qe8 $11) 20. Be3 $14 {aiming for Rh5.} Bf7 21. Rc2 Nb4 (21... Qe8 $16 {might work better.}) 22. Rxc4 $18 c5 23. Rh3 $2 (23. Bd2 $1 $18) 23... g4 $1 $11 {[%cal Rg4h3]} 24. Rg3 Qh4 25. e5 Be6 {White must now prevent ...Qh1.} 26. Be2 {[%cal Rc4g4]} Qh1+ 27. Kd2 dxe5 28. Rxb4 $1 (28. Bg5 $2 Bh6 $17) 28... Rd8+ (28... Rxb4 $5 29. b3 $8 Qa1 30. Qxa6 Bf5 $11) 29. Bd3 cxb4 30. Qxa6 Bf5 $2 {[%mdl 8192]} (30... Kf7 $1 $14) 31. Bb6 $2 ({White must play} 31. Qc4+ $18 Kh7 32. Rh3+ $1 {[%mdl 512]} gxh3 33. Qh4+ {[%mdl 64] Double Attack} Kg6 34. Qxd8 Bxd3 35. Qxd3+ Kf7 36. Qf5+ Kg8 37. Qxh3) 31... Bh6+ (31... Rd6 $17 32. Qc4+ Kh8) 32. Ke2 Rd6 $2 {[#]} ({Black should play} 32... Rxd3 $14 33. Qc4+ (33. Rxd3 Bxd3+ 34. Qxd3 Qxg2 $16) 33... Kg7 34. Rxd3 Bxd3+ 35. Qxd3 Qxg2) 33. Qc4+ $1 $18 Be6 (33... Kh8 $142) 34. Qxb4 ({Don't go for} 34. Bc5 $2 Bxc4 35. Bxc4+ Kg7 $19) 34... Qc1 {...Rxb6! is the strong threat.} 35. Be3 Bxe3 36. Rxe3 Rd4 $2 (36... Rd5 37. Qb7 (37. Qb8+ Kg7 $16) 37... Rxd3 38. Rxd3 Bc4) 37. Qb8+ Kf7 38. Rxe5 Rd7 (38... Qf4 $142 39. Qh8 Qf6 40. Qh5+ Kf8) 39. Qb6 Re7 40. Qd4 g3 (40... Rb7 {was necessary.} 41. b3 Rd7) 41. Re3 {White is clearly winning.} Bg4+ 42. Qxg4 Qxb2+ 43. Kd1 {White wants to mate with Qg6+.} Qa1+ {[#]} 44. Kd2 $1 Qxa2+ 45. Bc2 {Rf3+ would kill now.} Qa5+ 46. Kd1 {Threatening mate with Qg6+.} Qa1+ 47. Ke2 $1 {Accuracy: White = 59%, Black = 40%.} 1-0

[Event "Bay Area Open 2019"]
[Site "Burlingame"]
[Date "2019.01.05"]
[Round "6"]
[White "Hilby, Craig"]
[Black "Sevian, Samuel"]
[Result "0-1"]
[WhiteElo "2445"]
[BlackElo "2647"]
[Annotator "TA"]
[PlyCount "64"]
[EventDate "2019.01.01"]
[EventType "swiss"]
[EventCountry "USA"]
[SourceTitle "playchess.com"]
[Source "ChessBase"]
[SourceQuality "1"]

{[%evp 15,64,11,4,11,15,-84,-85,-99,-92,-97,-91,-93,-65,-67,-25,-20,-27,-38,-31,-46,-30,-39,-56,-58,-50,-76,-44,-171,-171,-185,-172,-178,-150,-320,-312,-403,-394,-468,-466,-481,-441,-441,-425,-584,-572,-553,-551,-873,-844,-822,-809]} 1. d4 Nf6 2. c4 e6 3. Nf3 d5 4. Nc3 c6 5. Bg5 h6 6. Bxf6 Qxf6 7. Qb3 a5 8. a3 {D43: Semi-Slav: 5 Bg5 h6} (8. e3 a4 9. Nxa4 dxc4 10. Bxc4 Nd7 11. Nc3 g6 12. O-O Bg7 13. e4 O-O 14. e5 Qe7 15. Rfe1 Rd8 16. Rad1 {0-1 (40) Navara,D (2734)-Ding,L (2766) Huaian 2016}) 8... a4 {LiveBook: 11 Games} 9. Qc2 dxc4 10. e4 $146 (10. Ne4 $11 Qf5 11. g4 Qa5+ 12. Qd2) ({Predecessor:} 10. Ne4 Qd8 11. Qxc4 Nd7 12. e3 Qa5+ 13. Qc3 Qxc3+ 14. Nxc3 Bd6 15. Be2 e5 {1-0 (44) Turov,M (2575)-Kanep,M (2441) Finland 2018}) 10... b5 $17 11. Be2 Bb7 12. Rd1 Nd7 13. O-O g6 14. d5 e5 15. dxc6 Bxc6 (15... Qxc6 {[#]} 16. Nxb5 $1 {[%mdl 512]} Nb6 17. Nc3 $14) 16. Nd5 Qd8 17. Rd2 h5 18. Qc3 Bh6 19. Rdd1 Bg7 20. Nb4 Bb7 (20... Bxe4 $6 21. Qe3 $11) 21. Rd6 ({White should play} 21. Nd5 $15) 21... Qc7 $19 (21... Bxe4 22. Qe3 $14) 22. Rfd1 Nc5 23. Ng5 O-O $36 {[%mdl 2048] Keeping White busy.} ({Worse is} 23... Nxe4 24. Nxe4 Bxe4 25. Qe3 $14) 24. Qh3 $2 (24. Qe3 $17) 24... Rad8 ({Weaker is} 24... Nxe4 25. Rd7 $17) 25. Rxd8 Rxd8 26. Nd5 Bxd5 {Black is clearly winning.} 27. Rxd5 Rxd5 28. exd5 Qd8 29. d6 Bf6 30. Qe3 Qxd6 ({Stronger than} 30... Bxg5 31. Qxc5 Bf6 32. Qxb5 $11) 31. Ne4 Nxe4 {[%mdl 64] [#] Overworked Piece} 32. Qxe4 Qd2 {Accuracy: White = 31%, Black = 90%.} 0-1